00673 a2200169 4500020001500000020001800015040001300033245010100046260003800147300002700185650001800212650003400230650003600264700002000300856009100320856009200411 a0387292918 a9780387292915 aDLCbDLC00aComplex orthogonal space-time processing in wireless communications cLe Chung Tran ... [et al.] aNew York, NY :bSpringer,cc2006. axxii, 237 p. ;c24 cm. 0aMIMO systems. 0aMobile communication systems. 0aWireless communication systems.1 aTran, Le Chung.423Publisher descriptionuhttp://www.loc.gov/catdir/enhancements/fy0663/2005933881-d.html423Table of contents onlyuhttp://www.loc.gov/catdir/enhancements/fy0824/2005933881-t.html